00373 2200157 4500245003800000020002200038250001100060100001600071650002000087005001900107260003100126041001400157084000800171300002700179336000900206 aWonderful LifecKiki RaihanhText a978-602-424-196-4 aCet. 1 aKiki Raihan aNovel Indonesia a20230117113847 aJakartabImprint KPGc2016 aIndonesia a813 aiv, 147 hlm. :c21 cm. atext